000 00645 a2200181 4500
999 _c8535
_d8535
010 _aENG-88500
020 _a8182202264
_c540.00
035 _aEN-72033
037 _bDBAD / PUB
082 1 4 _a362.2
100 _aBanerjee, Anjana
245 1 _aFoucault's analysis of mental illness:
_cby Anjana Banerjee
_ba psycho-pathological study/
260 _aNew Delhi
_bGlobal Vision Publishing House
_c2007
270 _aF-4j1st Floor, `hari sadan'. 20 Ansari Road, Daryaganj,
_bNew Dehli
_e110 002
300 _avi, 207p.
_c22cm (Hb)
500 _aIncludes bibliographical references and index
942 _adpl
_cEN
_2ddc
_h362.2
_mBAN